000 00273nam a2200097Ia 4500
082 _a320.96 THOM
245 0 _aAn introduction to African politics
100 _a Thomson, Alex London, 2004 2nd ed
_976336
942 _cBK
008 210817s9999 xx 000 0 und d
999 _c253666
_d253665